Integrated chinese = zhong wen ting shuo du xie : (Record no. 2065)
[ view plain ]
| 000 -LEADER | |
|---|---|
| fixed length control field | 00618nam a22002057a 4500 |
| 003 - CONTROL NUMBER IDENTIFIER | |
| control field | OSt |
| 005 - DATE AND TIME OF LATEST TRANSACTION | |
| control field | 20151028160817.0 |
| 008 - FIXED-LENGTH DATA ELEMENTS--GENERAL INFORMATION | |
| fixed length control field | 130307t xxu||||| |||| 00| 0 eng d |
| 020 ## - INTERNATIONAL STANDARD BOOK NUMBER | |
| International Standard Book Number | 0887275326 |
| 050 ## - LIBRARY OF CONGRESS CALL NUMBER | |
| Classification number | PL 1129 |
| Item number | .Y25 2005 |
| 082 ## - DEWEY DECIMAL CLASSIFICATION NUMBER | |
| Classification number | IB 495.182421 |
| Item number | In8 2005 |
| 100 ## - MAIN ENTRY--PERSONAL NAME | |
| Personal name | Yao, Tao Chung |
| 245 ## - TITLE STATEMENT | |
| Title | Integrated chinese = zhong wen ting shuo du xie : |
| Remainder of title | simplified character edition. level 1, part 2 |
| Statement of responsibility, etc | Tao-chung Yao and Yuehea Liu |
| 250 ## - EDITION STATEMENT | |
| Edition statement | Expanded second edition |
| 260 ## - PUBLICATION, DISTRIBUTION, ETC. (IMPRINT) | |
| Place of publication, distribution, etc | Boston |
| Name of publisher, distributor, etc | Cheng & Tsui |
| Date of publication, distribution, etc | c2005 |
| 300 ## - PHYSICAL DESCRIPTION | |
| Extent | 2 v. |
| Other physical details | ill. |
| Dimensions | 28 cm. |
| 562 ## - COPY AND VERSION IDENTIFICATION NOTE | |
| Number of copies | 1 |
| 942 ## - ADDED ENTRY ELEMENTS (KOHA) | |
| Source of classification or shelving scheme | Library of Congress Classification |
| Koha item type | Books |
| Withdrawn status | Lost status | Source of classification or shelving scheme | Damaged status | Home library | Current library | Shelving location | Date acquired | Total Checkouts | Full call number | Barcode | Date last seen | Copy number | Price effective from | Koha item type |
|---|---|---|---|---|---|---|---|---|---|---|---|---|---|---|
| Library of Congress Classification | Luxembourg Library | Luxembourg Library | International Baccalaureate Section | 03/07/2013 | PL 1129 .Y25 2005 | 16866 | 08/13/2013 | 1 | 03/07/2013 | Books |